Представление документа в формате RUSMARC

ПолеНазваниеЗначение
  Тип записи a
  Библиографический уровень c
001 Контрольный номер RU/SLIB/B/208712932
005 Дата корректировки 20201206203917.2
010 Индекс ISBN __
d Цена 10-00
101 Язык документа __
a Язык текста rus
c Язык оригинала rus
200 Заглавие и сведения об ответственности 0_
a Заглавие Сибирское ускорение
f Первые сведения об ответственности Ю. Н. Шесталов
b Общее обозначение материала Текст
210 Выходные данные __
a Место издания М.
c Издательство Совет. Россия
d Дата издания 1977
215 Физическое описание __
a Объем 80 с.
225 Серия __
a Серия Писатель и время
327 Примечание о содержании __
a Примечание о содержании Слушать человека
327 Примечание о содержании __
a Примечание о содержании Песни журавля
330 Аннотация __
a Аннотация Известный мансийский писатель в поэтической форме повествует о гигантских преобразованиях на Тюменщине, о своем народе.
606 Тематические рубрики __
a Основная рубрика Художественная литература
z Хронологическая подрубрика 20 в.
y Географическая подрубрика Россия; ХМАО; Ханты-Мансийский автономный округ
606 Тематические рубрики __
a Основная рубрика Литература народов России (произведения)
610 Ключевые слова __
a Ключевые слова мансийская литература; поэты; прозаики; проза; краеведение; краеведческая литература
686 Индексы других классификаций __
a Классификационный индекс К84(2Рос=Манс)6-4
700 Автор _1
a Фамилия Шесталов
b Имя Ю. Н.
g Полное личное имя Юван Николаевич
4 Код отношения 070
801 Источник записи _0
a Страна RU
b Организация Муниципальное бюджетное учреждение культуры "Централизованная библиотечная система" г. Сургут (Центральная городская библиотека им. А. С. Пушкина)
g Правила каталогизации КиК/Варварина
801 Источник записи _1
a Страна RU
b Организация Муниципальное бюджетное учреждение культуры "Централизованная библиотечная система" г. Сургут (Центральная городская библиотека им. А. С. Пушкина)
g Правила каталогизации КиК/Варварина
852 Данные о местонахождении __
j Шифр хранения К84(2Рос=Манс)6-4
c Каталожный индекс К84(2Рос=Манс)6-4
i Авторский знак Ш 51
p Инвентарный номер Б/Н
901 Тип документа __
t Тип документа x
903 Характеристики (МАРС) __
a Дата передачи 20010529
969 Тип издания __
a Тип издания сборник
990 Данные о заказе (DOS) __
h N записи в КСУ для Б/У (DOS) 200105
j Количество экземпляров (DOS) 1